Quizzes
Events
Quiz Creation
Community
Videos
Private Events
Remove Ads
Sign In
Join for FREE
Feedback
Dark Mode
Quiz Categories
Sports
Geography
Music
Movies
Television
Just For Fun
Miscellaneous
History
Literature
Language
Science
Gaming
Entertainment
Religion
Holiday
For Kids
Quiz Lab
Recent
Popular Today
Quiz Kudos Today
Editor Picks
Curator Picks
Quizzes by...
Day
Popularity
Type
Ratings
Length
Year
Community
Subscriptions
Recent Discussions
Orange Saloon
Badges
Playlists
Quests
Create
Leaderboards
Showdown
Live 5
Trivia Bingo
Activity
Puzzle Library
Sporcle Events
Private Events
Virtual Trivia
Globe League
Become a Host
Pub Owners
SporcleCon
Opinionation
Our Games
Videos
Blog
Mobile Apps
Partnerships
Remove Ads and Go Orange
Feedback
Movies
Disney
Marvel Cinematic Universe
Movie Resume
Movie Titles
Oscar
Actor
Actress
Director
Pixar
Role
Movie Quotes
Movie Characters
Box Office
Nominee
Best Picture
Star Wars
James Bond
Horror Movies
Movies
Disney
Marvel Cinematic Universe
Movie Resume
Movie Titles
Oscar
Actor
Actress
Director
Pixar
Role
Movie Quotes
Movie Characters
Box Office
Nominee
Best Picture
Star Wars
James Bond
Horror Movies
Random Quiz
Search Sporcle
×
Quiz Lab
Quiz Lab
Movies
Box Office
Type in answers that appear in a list
Type in answers that appear in a list
Classic
Best Score? Go Orange.
Top Grossing Films Stats
Can you name the Top Grossing Films?
By
abcdefggfedcba
15m
50 Questions
26 Plays
26 Plays
26 Plays
Comments
Comments
Give Quiz Kudos
Give Quiz Kudos
-
- Ratings
hide this ad
Replay
Link that replays current quiz
Next Quiz
Link to next quiz in quiz playlist
You Got
0%
They Got
Avg Score
51%
Avg Friend Score
Upgrade to see
Score Distribution
Jump to the score distribution portion of the page
Score
0/50
Timer
15:00
0
Plays Today
Year
Film
% Correct
2009
Avatar
92.3%
1997
Titanic
92.3%
2004
Spider-Man 2
84.6%
2007
Spider-Man 3
80.8%
2003
The Lord of the Rings: The Return of the King
73.1%
2008
The Dark Knight
73.1%
2002
The Lord of the Rings: The Two Towers
69.2%
2004
Shrek 2
69.2%
2002
Spider-Man
69.2%
2011
Harry Potter and the Deathly Hallows – Part 2
65.4%
2006
Pirates of the Caribbean: Dead Man's Chest
65.4%
2010
Toy Story 3
65.4%
2001
The Lord of the Rings: The Fellowship of the Ring
65.4%
2009
The Twilight Saga: New Moon
65.4%
2010
Harry Potter and the Deathly Hallows – Part 1
61.5%
2007
Shrek the Third
61.5%
2007
Transformers
61.5%
2007
Pirates of the Caribbean: At World's End
57.7%
2009
Harry Potter and the Half-Blood Prince
57.7%
1993
Jurassic Park
57.7%
2003
Finding Nemo
57.7%
1982
E.T. the Extra-Terrestrial
57.7%
1999
Star Wars Episode I: The Phantom Menace
53.8%
1977
Star Wars Episode IV: A New Hope
53.8%
1994
Forrest Gump
53.8%
Year
Film
% Correct
2011
Pirates of the Caribbean: On Stranger Tides
50%
2007
Harry Potter and the Order of the Phoenix
50%
2004
Harry Potter and the Prisoner of Azkaban
50%
2010
Alice in Wonderland
46.2%
2001
Harry Potter and the Philosopher's Stone
46.2%
2005
Harry Potter and the Goblet of Fire
46.2%
2002
Harry Potter and the Chamber of Secrets
46.2%
2005
Star Wars Episode III: Revenge of the Sith
46.2%
2010
Shrek Forever After
46.2%
1994
The Lion King
42.3%
2011
Transformers: Dark of the Moon
38.5%
2010
Inception
38.5%
2003
The Matrix Reloaded
38.5%
2010
The Twilight Saga: Eclipse
38.5%
2009
Transformers: Revenge of the Fallen
34.6%
1996
Independence Day
34.6%
2009
Up
34.6%
2011
The Twilight Saga: Breaking Dawn – Part 1
34.6%
1999
The Sixth Sense
26.9%
2008
Indiana Jones and the Kingdom of the Crystal Skull
23.1%
2009
Ice Age: Dawn of the Dinosaurs
19.2%
2006
The Da Vinci Code
19.2%
2011
Kung Fu Panda 2
19.2%
2009
2012
15.4%
2005
The Chronicles of Narnia: The Lion, the Witch and the Wardrobe
15.4%
Quiz Playlist
Details
Report
Send in Message
Add To Playlist
Classic:
Type in answers that appear in a list
Last Updated: Feb 16, 2017
Quiz Scoreboard
CHALLENGE
Sign Up to Join the Scoreboard
Show All
Scores
Hide
Comments
May contain spoilers
Recently Published
NBA Finals Game Top Scorers (2010s)
by flibbidy
Sports
5m
Guess the 'R' Things in 3 Words
by MSUKent
Miscellaneous
3m
Actor to Badly Drawn Movie III
by MoMosMoProblems
Movies
5m
More to Explore
Quiz From the Vault
Featured Blog Post
Where Does Lost Luggage Go?
hide this ad
You Might Also Like...
Tags
Box Office Quiz
Today's Top Quizzes in Movies
Browse Movies
hide this ad
Today's Top Quizzes in Box Office
Browse Box Office
Top Contributed Quizzes in Movies
1
Pixar Reveal II
2
How Long Is the Movie Title?
3
Pixar Reveal III
4
10 Quentin Tarantino Movies in Order
5
Adjectives in 00s Movies
6
Pixar Reveal IV
7
Movie Stars Gone to the Dogs
8
Adjectives in 10s Movies
9
Pixar Reveal V
10
Adjectives in 90s Movies
Explore More
Trending Topics
Marvel
Harry Potter
NBA
Disney
Kpop
Anime
Crossword
Soccer
WWE
Country
NFL
Song
Puzzle
Pokémon
The Office
hide this ad
More By:
abcdefggfedcba
Quiz
Plays
Rating
Category
Featured
Created
Every Katy Perry song
526
5.00
Music
Jan 31, 2015
BAFTA Award for Best Actor in a Leading Role
233
4.50
Movies
Feb 14, 2012
Florence + the Machine songs
212
5.00
Music
Feb 14, 2012
Star Wars Actors
200
2.33
Movies
Feb 15, 2012
Harry Potter name link
176
3.00
Literature
Dec 8, 2011
Go to Creator's Profile
Score Distribution
Quiz Creator Spotlight
abcdefggfedcba
Follow
Send a Message
Quizzes Created
-
Created Quiz Play Count
-
More By This Creator
Popular Quizzes Today
1
Find the US States - No Outlines Minefield
2
Find the US States
3
The Countries of the World
4
10 Largest US States in Order
5
Find the Countries of Europe - No Outlines Minefield
6
US States
7
Guess the 'R' Things in 3 Words
8
NBA Finals Game Top Scorers (2010s)
More Movies Quizzes
LEGO-fied Movie Posters
Editor's Pick
Trending Quizzes
First Name TV: Leading Men
First Name TV: Leading Women Drama
Match the Book to the Film II
Pick A Pair: Religious TV
Match the Book to the Film VI
Recently Updated
Women's Final Four Teams by Year
bhenderson79
Presidents Quartet II
eogle
Anything But Clue(do)
eogle
Anything But Oceanian Capitals
eogle
Anything But 7
eogle
Anything But Thing
eogle
Word Ladder: February 29
pecheneg
Song Title Questions
pecheneg
Women's NCAA Tournament #1 Seeds
pecheneg
Celebrity Mug Shots
pecheneg
Trending Topics
Kpop
Crossword
NBA
Harry Potter
Marvel
Disney
Anime
Soccer
The Office
WWE
Country
NFL
Pokémon
Puzzle
Song
Your Account Isn't Verified!
In order to create a playlist on Sporcle, you need to verify the email address you used during registration. Go to your
Sporcle Settings
to finish the process.
Report this User
Report this user for behavior that violates our
Community Guidelines
.
Details:
Send Report
Go to the Sporcle.com Mobile Site →
Comments